[Event "Las Americas Team op U2400 Hybrid"]
[Site "Internet"]
[Date "2022.05.14"]
[Round "5.3"]
[White "Wilson, Hannah"]
[Black "Mendoza De la Cruz, Israel Migue"]
[Result "1-0"]
[WhiteElo "1492"]
[BlackElo "1535"]
[PlyCount "57"]
[EventDate "2022.05.14"]
[EventType "team-swiss"]
[EventRounds "5"]
[EventCountry "VEN"]
[SourceTitle "EXT 2023"]
[Source "ChessBase"]
[SourceDate "2022.10.05"]
[SourceVersion "1"]
[SourceVersionDate "2022.10.05"]
[SourceQuality "1"]

1. e4 c5 2. Nf3 e6 3. d4 cxd4 4. Nxd4 a6 5. Nc3 Qc7 6. Be3 Nf6 7. Be2 Bb4 8. Qd3 d5 9. exd5 Nxd5 10. Bd2 Nxc3 11. bxc3 Be7 12. 0-0 0-0 13. Qe3 Nd7 14. Rfe1 Nf6 15. Bd3 Ng4 16. Qh3 Nf6 17. Qf3 Bd7 18. Rab1 Rab8 19. Nf5 Bc6 20. Nxe7+ Qxe7 21. Qf4 Rbd8 22. c4 Qd7 23. Bc3 Nh5 24. Qh4 g6 25. g4 Ng7 26. Re3 b5 27. Qf6 e5 28. Bxe5 Qxg4+ 29. Rg3 1-0